000 00589nam a2200217Ia 4500
003 OSt
005 20221005133828.0
006 a|||||r|||| 00| 0
007 ta
008 221004b |||||||| |||| 00| 0 pan d
024 _a62823
037 _cTextual
040 _aCRL
_cCRL
_bpan
041 _2pan
_apan
082 _aO153,2NDI2,2, L7
100 _aਸਿੰਘ, ਦੀਦਾਰ
245 0 _aਮਹਾਂ ਪੰਡਤ ਚਾਰਵਾਕ
260 _c1977
942 _hO153,2NDI2,2, L7
_cTEXL
_2cc
999 _c1068004
_d1068004